000
00319nam a2200133Ia 4500
005
20251222151342.0
008
251222s9999||||xx |||||||||||||| ||spa||
082
_a
320.985/Q62
100
_a
Quintanilla Ponce, Alfredo
245
0
_a
Suplantadores de Dios
250
_a
1ra. ed.
264
_b
Nuevo Mundo
942
_c
LIB
999
_c
24523
_d
24523